00278nam a2200109 45000820011000002420032000112450050000432600036000933000010001299420012001399990017001510 a222.1100bThe story of Jacob and Esau11aỌ'dọ̃ yãkóbõ pi drí esawu trõ  bMadi Literacy Committeecc.1998 a19 p. 2ddccBK c64522d64496